|
|
|
|
| LEADER |
01046nam a2200277 a 4500 |
| 001 |
2164951 |
| 008 |
100318s1998 si a b 000 0 eng d |
| 010 |
|
|
|a 98945658
|
| 020 |
|
|
|a 0500341621
|
| 020 |
|
|
|a 9810089112
|
| 040 |
|
|
|a OUN
|c OUN
|d DB-DhAAL
|
| 082 |
0 |
|
|a 728/.37/095
|2 21
|
| 100 |
1 |
|
|a Powell, Robert,
|d 1942-
|
| 245 |
1 |
4 |
|a The urban Asian house :
|b living in tropical cities /
|c Robert Powell.
|
| 260 |
|
|
|a Singapore ;
|a London :
|b Thames and Hudson,
|c c1998.
|
| 300 |
|
|
|a 176 p. :
|b ill. (some col.) ;
|c 28 cm.
|
| 500 |
|
|
|a Map on lining-papers.
|
| 504 |
|
|
|a Includes bibliographical references (p. 174).
|
| 541 |
1 |
|
|e 00013790
|
| 650 |
|
0 |
|a Architecture, Domestic
|z Asia.
|
| 650 |
|
0 |
|a Architecture
|z Asia
|x History
|y 20th century.
|
| 650 |
|
0 |
|a Architecture, Tropical
|z Asia.
|
| 852 |
4 |
|
|a Ayesha Abed Library
|j General Shelf.
|
| 942 |
0 |
0 |
|0 1
|
| 999 |
|
|
|c 7807
|d 7807
|
| 952 |
|
|
|0 0
|1 0
|2 ddc
|4 0
|6 728_370950000000000_POW_1998
|7 0
|9 8677
|a BRACUL
|b BRACUL
|c GEN
|d 2010-03-18
|l 11
|m 43
|o 728.37095 POW
|p 3010013790
|r 2019-08-08
|s 2019-07-04
|t 1
|w 2010-03-18
|y BK
|